000 00402nam a2200169Ia 4500
008 230524s9999 xx 000 0 und d
082 _a621.382
_bBAB
100 _aT.R.Ganesh Babu
245 0 _aLinear Integrated Circuts
250 _a1ST
260 _aNEW DELHI
_bScitech
_c2004
300 _a8.3
500 _aQuantity Number: 2
650 _aElectronics
700 _a B.Suseela
942 _cBK
999 _c15608
_d15608